American legislative processes /

Bibliographic Details
Main Author: Van Der Slik, Jack R., 1936-
Format: Book
Language:English
Published: New York : Crowell, [1977]
Subjects:

MARC

Tag First Indicator Second Indicator Subfields
LEADER 00000cam a2200000 a 4500
001 in00000089897
005 20151008063544.0
008 760813s1977 nyua b 00110 engm
010 |a  76040259  
020 |a 0690008708 :  |c $10.50 
035 |a (OCoLC)02401909 
035 |9 AAK2478AM 
040 |a DLC  |c DLC  |d m.c.  |d TXA  |d UtOrBLW 
043 |a n-us--- 
049 |a TXAM  |c [1442357] 
050 0 0 |a JK1001  |b .V36 1977 
082 0 |a 328.73 
100 1 |a Van Der Slik, Jack R.,  |d 1936- 
245 1 0 |a American legislative processes /  |c Jack R. Van Der Slik. 
264 1 |a New York :  |b Crowell,  |c [1977] 
264 4 |c ©1977 
300 |a x, 370 pages :  |b illustrations ;  |c 24 cm. 
336 |a text  |b txt  |2 rdacontent 
337 |a unmediated  |b n  |2 rdamedia 
338 |a volume  |b nc  |2 rdacarrier 
504 |a Includes bibliographical references and index. 
536 |a Dr. Paul P. Van Riper collection, Department of Political Science. 
650 0 |a Legislative bodies  |z United States. 
999 |a MARS 
999 f f |s e12fb586-d19a-380b-aeb2-6c35b18af349  |i 5777fa9c-0a85-3185-b789-e620c41a64d4  |t 0 
952 f f |p ric  |a Texas A&M University  |b Rellis Campus  |c Joint Library Facility  |s JLF  |d Remote Storage  |t 0  |e JK1001 .V36 1977  |h Library of Congress classification  |i unmediated -- volume  |m A14821634625 
998 f f |a JK1001 .V36 1977  |t 0  |l Remote Storage